| 000 | 00602nam a22001817a 4500 | ||
|---|---|---|---|
| 005 | 20251108175210.0 | ||
| 008 | 250721s2003 xx 000 0 ara d | ||
| 082 | 1 | 4 | _a814/طلا |
| 100 | 1 | _aطلال، الحسين بن | |
| 245 | 1 | 0 | _aالحسن بن طلال في ذكرى رحيل فيصل الأول المسألة العراقية / |
| 264 | 1 |
_aعمان _ الأردن : _bالجمعية العلمية الملكية، _c2003. |
|
| 300 | _a63ص. | ||
| 650 | 1 | 7 | _aالمقالات الادبية |
| 650 | 1 | 7 | _aالاردن |
| 650 | 1 | 7 | _aالعراق |
| 942 |
_2ddc _cBK |
||
| 999 |
_c128487 _d128487 |
||